000 00425 a2200133 4500
999 _c321246
_d321246
001 86173
003 NUST
005 20180122091529.0
008 180122b xxu||||| |||| 00| 0 eng d
020 _a9788182745636
082 _a355.0095491 SCH
100 _aCarey Schofield
_9186
245 _aInside the Pakistan Army : a woman's experience on the frontline of the war on terror
_cCarey Schofield
260 _aNew Delhi
_bPentagon Security International
_c2011
300 _avii 232p.
942 _aCAE NUST
_cBK
_k355.0095491 SCH
_2ddc